01179nam a22002537a 4500003000400000005001700004008004100021020001800062040001400080041000800094082001200102100002800114245003200142264003300174300006300207521038200270650002100652650001200673650002500685700003600710942001500746999001700761952014700778OSt20260424173339.0260424b ||||| |||| 00| 0 spa d a9786289691504 cCO-Mq BPB aspa aHbKONa aKonietzko, Bryaneautor aAvatar:bThe Last Airbender aBuenos Aires;bGuadal,c2024 a80 páginas;bTapa rustica, ilustraciones a color,c23 cm aAang, el Avatar, despierta después de 100 años congelado y descubre que el mundo está en guerra. Junto a sus amigos, emprende un viaje para dominar los cuatro elementos y detener a la Nación del Fuego. En el camino: 🌍 Recorre el mundo 🧠 Aprende y madura ⚔️ Enfrenta enemigos poderosos Finalmente, debe enfrentarse al Señor del Fuego para salvar el mundo. aEquilibrio y paz aAmistad aCrecimiento personal aRamos, Ariel Estebanetraductor 2ddccBKINF c16289d16289 00102ddc4051708LIaBPMOSbBPMOScFICd2026-04-24eCompra 2025iNTl0oH KONapMOS504930r2026-04-24tEj.1w2026-04-24yBKINFzQuince dias